[Event "Martinique-ch"]
[Site "Schoelcher"]
[Date "2014.05.23"]
[Round "7"]
[White "Suez Panama, Gilles"]
[Black "Buisson, Lionel"]
[Result "1-0"]
[WhiteElo "2063"]
[BlackElo "1755"]
[PlyCount "73"]
[EventDate "2014.05.17"]
[EventType "tourn"]
[EventRounds "11"]
[EventCountry "FRA"]
[SourceTitle "CBM 160 Extra"]
[Source "ChessBase"]
[SourceDate "2014.07.01"]
[SourceVersion "1"]
[SourceVersionDate "2014.07.01"]
[SourceQuality "1"]

1. d4 d5 2. Nf3 Nf6 3. c4 c6 4. Nc3 Bf5 5. cxd5 cxd5 6. Qb3 Qb6 7. Nxd5 Nxd5 8. Qxd5 e6 9. Qb3 Nc6 10. e3 Bb4+ 11. Bd2 0-0 12. a3 Bxd2+ 13. Nxd2 Qc7 14. Be2 Rac8 15. 0-0 Na5 16. Qb4 Nc6 17. Qa4 Qe7 18. Rac1 Rc7 19. Rc3 Rfc8 20. Rfc1 Qf6 21. Bf3 h5 22. Bxc6 bxc6 23. Rxc6 Rxc6 24. Rxc6 Rb8 25. b4 Rb7 26. Qa6 Re7 27. Qc8+ Kh7 28. Qb8 g5 29. Rc7 h4 30. Qd8 Rxc7 31. Qxf6 Rc1+ 32. Nf1 Bd3 33. Qxf7+ Kh6 34. Qxe6+ Kh5 35. Qf7+ Kh6 36. Qf6+ Kh5 37. h3 1-0